[Event "euyr2018"]
[Site "?"]
[Date "2018.05.27"]
[Round "7.1"]
[White "Sahidi, Samir"]
[Black "Sandor, Martin"]
[Result "1-0"]
[BlackElo "1711"]
[WhiteElo "2307"]
[LiveChessVersion "1.4.8"]

1. e4 {[%clk 0:20:19]} c5 {[%clk 0:20:19]} 2. Nf3 {[%clk 0:20:25]} d6
{[%clk 0:20:27]} 3. d4 {[%clk 0:20:19]} cxd4 {[%clk 0:20:36]} 4. Nxd4
{[%clk 0:20:28]} Nf6 {[%clk 0:20:44]} 5. Nc3 {[%clk 0:20:36]} a6 {[%clk 0:20:53]}
6. Be2 {[%clk 0:20:14]} e5 {[%clk 0:20:57]} 7. Nb3 {[%clk 0:20:07]} Be7
{[%clk 0:20:50]} 8. Bg5 {[%clk 0:19:50]} Be6 {[%clk 0:20:47]} 9. Bxf6
{[%clk 0:19:22]} Bxf6 {[%clk 0:20:35]} 10. O-O {[%clk 0:18:46]} O-O
{[%clk 0:20:06]} 11. Nd5 {[%clk 0:17:55]} Bxd5 {[%clk 0:20:11]} 12. Qxd5
{[%clk 0:17:56]} Qc7 {[%clk 0:19:31]} 13. c3 {[%clk 0:17:09]} Nd7
{[%clk 0:18:40]} 14. Rad1 {[%clk 0:16:16]} Be7 {[%clk 0:18:44]} 15. Qc4
{[%clk 0:13:14]} Qb6 {[%clk 0:16:13]} 16. Qd3 {[%clk 0:12:10]} Rfd8
{[%clk 0:15:46]} 17. Qc2 {[%clk 0:11:53]} Rac8 {[%clk 0:15:21]} 18. Bg4
{[%clk 0:11:57]} Rc7 {[%clk 0:14:43]} 19. Bxd7 {[%clk 0:11:54]} Rcxd7
{[%clk 0:14:36]} 20. Rd5 {[%clk 0:11:36]} Bg5 {[%clk 0:12:30]} 21. Rfd1
{[%clk 0:11:00]} Qa7 {[%clk 0:08:17]} 22. Na5 {[%clk 0:09:12]} Be7
{[%clk 0:07:05]} 23. Qd3 {[%clk 0:08:38]} Qb8 {[%clk 0:05:56]} 24. Nc4
{[%clk 0:08:13]} f6 {[%clk 0:05:21]} 25. Ne3 {[%clk 0:07:22]} Kf8
{[%clk 0:04:27]} 26. Qe2 {[%clk 0:06:41]} g6 {[%clk 0:04:01]} 27. h4
{[%clk 0:06:24]} Kf7 {[%clk 0:04:02]} 28. R5d3 {[%clk 0:06:16]} b5
{[%clk 0:03:22]} 29. Nd5 {[%clk 0:06:08]} Rf8 {[%clk 0:02:31]} 30. h5
{[%clk 0:06:09]} Rh8 {[%clk 0:02:32]} 31. Qg4 {[%clk 0:06:04]} Rdd8
{[%clk 0:02:14]} 32. Rf3 {[%clk 0:05:14]} Qc8 {[%clk 0:01:55]} 33. hxg6+
{[%clk 0:04:45]} hxg6 {[%clk 0:02:04]} 34. Qxg6+ {[%clk 0:04:26]} Kxg6
{[%clk 0:01:48]} 35. Nxe7+ {[%clk 0:04:35]} Kg7 {[%clk 0:01:57]} 36. Nxc8
{[%clk 0:04:40]} Rxc8 {[%clk 0:02:06]} 37. Rxd6 {[%clk 0:04:47]} Rcd8
{[%clk 0:02:16]} 38. Rfxf6 {[%clk 0:04:44]} 1-0

[Event "euyr2018"]
[Site "?"]
[Date "2018.05.27"]
[Round "7.2"]
[White "Pniaczek, Marek"]
[Black "Pribylova, Sofie"]
[Result "1-0"]
[BlackElo "1950"]
[WhiteElo "1701"]
[LiveChessVersion "1.4.8"]

1. e4 {[%clk 0:20:19]} c5 {[%clk 0:20:19]} 2. Nf3 {[%clk 0:20:28]} d6
{[%clk 0:20:27]} 3. d4 {[%clk 0:20:37]} cxd4 {[%clk 0:20:35]} 4. Qxd4
{[%clk 0:20:45]} Nc6 {[%clk 0:20:39]} 5. Qe3 {[%clk 0:20:54]} Nf6
{[%clk 0:19:53]} 6. c4 {[%clk 0:20:57]} e6 {[%clk 0:19:25]} 7. Nc3
{[%clk 0:20:40]} Be7 {[%clk 0:19:29]} 8. h3 {[%clk 0:20:45]} a5 {[%clk 0:18:11]}
9. Be2 {[%clk 0:20:01]} O-O {[%clk 0:17:29]} 10. O-O {[%clk 0:19:57]} a4
{[%clk 0:16:24]} 11. Rd1 {[%clk 0:18:21]} Qa5 {[%clk 0:16:18]} 12. Nb5
{[%clk 0:17:23]} Qb4 {[%clk 0:14:35]} 13. e5 {[%clk 0:14:21]} dxe5
{[%clk 0:13:35]} 14. Nxe5 {[%clk 0:13:30]} Nxe5 {[%clk 0:12:25]} 15. Qxe5
{[%clk 0:13:33]} Bd7 {[%clk 0:11:11]} 16. a3 {[%clk 0:09:37]} Qc5
{[%clk 0:11:03]} 17. Qxc5 {[%clk 0:09:38]} Bxc5 {[%clk 0:11:12]} 18. Bf3
{[%clk 0:09:42]} Bc6 {[%clk 0:08:43]} 19. Be3 {[%clk 0:08:04]} Bxf3
{[%clk 0:08:09]} 20. gxf3 {[%clk 0:08:05]} Rac8 {[%clk 0:07:01]} 21. Rac1
{[%clk 0:07:45]} Bxe3 {[%clk 0:05:19]} 22. fxe3 {[%clk 0:07:53]} Rc5
{[%clk 0:04:55]} 23. Kf2 {[%clk 0:04:25]} g6 {[%clk 0:04:54]} 24. Rd4
{[%clk 0:03:28]} Rfc8 {[%clk 0:04:16]} 25. Nd6 {[%clk 0:03:31]} R8c7
{[%clk 0:03:57]} 26. Rcd1 {[%clk 0:03:10]} Kg7 {[%clk 0:02:43]} 27. Nb5
{[%clk 0:02:59]} Rc8 {[%clk 0:02:35]} 28. Nd6 {[%clk 0:03:07]} R8c7
{[%clk 0:02:44]} 29. e4 {[%clk 0:03:02]} e5 {[%clk 0:02:03]} 30. R4d2
{[%clk 0:03:03]} Kf8 {[%clk 0:01:23]} 31. Ke3 {[%clk 0:02:08]} Ke7
{[%clk 0:01:07]} 32. f4 {[%clk 0:01:43]} exf4+ {[%clk 0:00:37]} 33. Kxf4
{[%clk 0:01:51]} Ke6 {[%clk 0:00:15]} 34. Nb5 {[%clk 0:00:37]} Rc8
{[%clk 0:00:21]} 35. Nd6 {[%clk 0:00:40]} R8c7 {[%clk 0:00:29]} 36. Rd3
{[%clk 0:00:44]} h5 {[%clk 0:00:29]} 37. Re1 {[%clk 0:00:35]} g5+
{[%clk 0:00:15]} 38. Kf3 {[%clk 0:00:40]} g4+ {[%clk 0:00:23]} 39. Kf4
{[%clk 0:00:30]} gxh3 {[%clk 0:00:17]} 40. Nf5 {[%clk 0:00:39]} R7c6
{[%clk 0:00:13]} 41. Red1 {[%clk 0:00:41]} Nxe4 {[%clk 0:00:17]} 42. Nd4+
{[%clk 0:00:46]} Kf6 {[%clk 0:00:15]} 43. Nxc6 {[%clk 0:00:54]} Nf2
{[%clk 0:00:14]} 44. Rd6+ {[%clk 0:01:01]} Kg7 {[%clk 0:00:14]} 45. Rg1+
{[%clk 0:01:07]} Kh7 {[%clk 0:00:13]} 46. Rd5 {[%clk 0:00:34]} Rxd5
{[%clk 0:00:17]} 47. cxd5 {[%clk 0:00:43]} h2 {[%clk 0:00:24]} 48. Rf1
{[%clk 0:00:49]} h1=Q {[%clk 0:00:13]} 49. Rxh1 {[%clk 0:00:58]} Nxh1
{[%clk 0:00:21]} 50. Kf3 {[%clk 0:00:45]} Kg7 {[%clk 0:00:26]} 51. d6
{[%clk 0:00:54]} Kf6 {[%clk 0:00:26]} 52. d7 {[%clk 0:01:04]} 1-0

[Event "euyr2018"]
[Site "?"]
[Date "2018.05.27"]
[Round "7.3"]
[White "Antal, Jakub"]
[Black "Haase, Pavel"]
[Result "0-1"]
[BlackElo "1998"]
[WhiteElo "1568"]
[LiveChessVersion "1.4.8"]

1. e4 {[%clk 0:20:08]} c5 {[%clk 0:20:18]} 2. Nf3 {[%clk 0:20:13]} d6
{[%clk 0:20:27]} 3. d4 {[%clk 0:19:45]} cxd4 {[%clk 0:20:35]} 4. Nxd4
{[%clk 0:19:54]} Nf6 {[%clk 0:20:44]} 5. Nc3 {[%clk 0:19:55]} a6 {[%clk 0:20:53]}
6. Be3 {[%clk 0:17:07]} e6 {[%clk 0:21:00]} 7. Qf3 {[%clk 0:16:47]} Qc7
{[%clk 0:20:35]} 8. g4 {[%clk 0:15:39]} Nc6 {[%clk 0:20:10]} 9. Be2
{[%clk 0:13:39]} Nxd4 {[%clk 0:18:26]} 10. Bxd4 {[%clk 0:13:43]} e5
{[%clk 0:17:54]} 11. Be3 {[%clk 0:13:37]} Bxg4 {[%clk 0:17:48]} 12. Qg2
{[%clk 0:12:41]} Bxe2 {[%clk 0:17:12]} 13. Kxe2 {[%clk 0:12:08]} b5
{[%clk 0:17:00]} 14. a3 {[%clk 0:09:45]} Qc4+ {[%clk 0:16:25]} 15. Kd2
{[%clk 0:09:40]} O-O-O {[%clk 0:15:42]} 16. b3 {[%clk 0:07:26]} Qe6
{[%clk 0:15:20]} 17. Nd5 {[%clk 0:03:54]} Nxd5 {[%clk 0:15:03]} 18. exd5
{[%clk 0:04:02]} Qg6 {[%clk 0:14:51]} 19. Qf1 {[%clk 0:03:21]} Qe4
{[%clk 0:14:30]} 20. c4 {[%clk 0:03:25]} bxc4 {[%clk 0:14:11]} 21. bxc4
{[%clk 0:03:34]} Rd7 {[%clk 0:13:26]} 22. f3 {[%clk 0:03:13]} Qh4
{[%clk 0:12:56]} 23. c5 {[%clk 0:01:45]} Qa4 {[%clk 0:07:28]} 24. c6
{[%clk 0:01:25]} Qa5+ {[%clk 0:07:37]} 25. Kc2 {[%clk 0:00:33]} Qa4+
{[%clk 0:05:52]} 26. Kd2 {[%clk 0:00:18]} Rc7 {[%clk 0:04:58]} 27. Bb6
{[%clk 0:00:14]} f5 {[%clk 0:03:15]} 28. Bxc7 {[%clk 0:00:16]} Kxc7
{[%clk 0:03:24]} 29. Rb1 {[%clk 0:00:12]} Qa5+ {[%clk 0:03:25]} 30. Kc2
{[%clk 0:00:13]} Qc5+ {[%clk 0:03:17]} 31. Kb2 {[%clk 0:00:19]} Be7
{[%clk 0:02:36]} 0-1

[Event "euyr2018"]
[Site "?"]
[Date "2018.05.27"]
[Round "7.4"]
[White "Panko, Eduard"]
[Black "Ferkova, Dominika"]
[Result "1/2-1/2"]
[BlackElo "1759"]
[WhiteElo "1776"]
[LiveChessVersion "1.4.8"]

1. e4 {[%clk 0:20:18]} c6 {[%clk 0:20:20]} 2. Bc4 {[%clk 0:20:26]} d5
{[%clk 0:20:12]} 3. Bb3 {[%clk 0:20:34]} e6 {[%clk 0:19:28]} 4. e5
{[%clk 0:20:41]} c5 {[%clk 0:19:37]} 5. c3 {[%clk 0:20:47]} Nc6 {[%clk 0:19:37]}
6. d4 {[%clk 0:20:38]} cxd4 {[%clk 0:19:02]} 7. cxd4 {[%clk 0:20:44]} Bb4+
{[%clk 0:19:11]} 8. Nc3 {[%clk 0:18:57]} Nge7 {[%clk 0:19:06]} 9. Nf3
{[%clk 0:17:28]} Qa5 {[%clk 0:17:28]} 10. Bd2 {[%clk 0:15:50]} Nf5
{[%clk 0:17:19]} 11. a3 {[%clk 0:15:03]} Bxc3 {[%clk 0:17:27]} 12. bxc3
{[%clk 0:14:35]} Qc7 {[%clk 0:17:12]} 13. O-O {[%clk 0:14:33]} O-O
{[%clk 0:17:20]} 14. Bc2 {[%clk 0:13:40]} Nfe7 {[%clk 0:17:28]} 15. Bd3
{[%clk 0:12:53]} Na5 {[%clk 0:15:41]} 16. Bxh7+ {[%clk 0:10:56]} Kh8
{[%clk 0:15:28]} 17. Bd3 {[%clk 0:10:54]} Nc4 {[%clk 0:15:19]} 18. Ng5
{[%clk 0:08:50]} g6 {[%clk 0:15:27]} 19. Nf3 {[%clk 0:06:02]} Nb2
{[%clk 0:14:23]} 20. Qe2 {[%clk 0:05:51]} Nxd3 {[%clk 0:14:28]} 21. Qxd3
{[%clk 0:06:00]} Nf5 {[%clk 0:14:37]} 22. Bg5 {[%clk 0:05:48]} Qc4
{[%clk 0:13:53]} 23. Bf6+ {[%clk 0:05:27]} Kg8 {[%clk 0:13:54]} 24. Qd2
{[%clk 0:05:15]} Kh7 {[%clk 0:13:07]} 25. Ng5+ {[%clk 0:05:02]} Kg8
{[%clk 0:13:16]} 26. Rfc1 {[%clk 0:03:54]} b6 {[%clk 0:12:42]} 27. a4
{[%clk 0:02:31]} Ba6 {[%clk 0:12:49]} 28. a5 {[%clk 0:02:34]} Qd3
{[%clk 0:11:30]} 29. Qxd3 {[%clk 0:02:15]} Bxd3 {[%clk 0:11:39]} 30. Nf3
{[%clk 0:01:33]} Rfc8 {[%clk 0:11:15]} 31. Ra3 {[%clk 0:00:58]} Be2
{[%clk 0:10:24]} 32. axb6 {[%clk 0:00:30]} axb6 {[%clk 0:10:22]} 33. Rxa8
{[%clk 0:00:38]} Rxa8 {[%clk 0:10:30]} 34. Ne1 {[%clk 0:00:26]} 1/2-1/2

[Event "euyr2018"]
[Site "?"]
[Date "2018.05.27"]
[Round "7.5"]
[White "Verbovsky, Michal"]
[Black "Leszko, Bence"]
[Result "1-0"]
[BlackElo "1701"]
[WhiteElo "1729"]
[LiveChessVersion "1.4.8"]

1. b3 {[%clk 0:20:16]} e5 {[%clk 0:20:17]} 2. Bb2 {[%clk 0:20:24]} Nc6
{[%clk 0:20:25]} 3. e3 {[%clk 0:20:31]} Nf6 {[%clk 0:20:31]} 4. Bb5
{[%clk 0:20:37]} Bd6 {[%clk 0:20:40]} 5. Na3 {[%clk 0:20:20]} a6 {[%clk 0:20:40]}
6. Bxc6 {[%clk 0:20:19]} dxc6 {[%clk 0:20:46]} 7. Nc4 {[%clk 0:20:27]} Qe7
{[%clk 0:20:38]} 8. Ne2 {[%clk 0:20:05]} O-O {[%clk 0:20:17]} 9. O-O
{[%clk 0:20:09]} e4 {[%clk 0:20:13]} 10. Nxd6 {[%clk 0:20:13]} cxd6
{[%clk 0:20:18]} 11. Ng3 {[%clk 0:19:59]} d5 {[%clk 0:19:37]} 12. a4
{[%clk 0:19:39]} Rd8 {[%clk 0:19:20]} 13. Ba3 {[%clk 0:16:22]} Qc7
{[%clk 0:17:57]} 14. h3 {[%clk 0:16:16]} c5 {[%clk 0:17:39]} 15. Nh5
{[%clk 0:15:42]} Nxh5 {[%clk 0:17:02]} 16. Qxh5 {[%clk 0:15:49]} Be6
{[%clk 0:16:49]} 17. f4 f6 {[%clk 0:14:51]} 18. f5 {[%clk 0:12:52]} Bf7
{[%clk 0:14:59]} 19. Qg4 {[%clk 0:13:00]} Rac8 {[%clk 0:13:56]} 20. Bb2
{[%clk 0:11:34]} Qe7 {[%clk 0:13:33]} 21. Rf4 {[%clk 0:10:49]} Be8
{[%clk 0:12:44]} 22. Qh4 {[%clk 0:09:51]} Bc6 {[%clk 0:12:09]} 23. Rg4
{[%clk 0:09:40]} d4 {[%clk 0:10:55]} 24. exd4 cxd4 {[%clk 0:10:53]} 25. Ba3
{[%clk 0:08:59]} Qf7 {[%clk 0:09:58]} 26. d3 {[%clk 0:08:21]} exd3
{[%clk 0:08:26]} 27. cxd3 {[%clk 0:08:24]} Rd5 {[%clk 0:07:06]} 28. Re1
{[%clk 0:08:15]} Re5 {[%clk 0:03:58]} 29. Rxe5 {[%clk 0:03:45]} fxe5
{[%clk 0:04:07]} 30. Bd6 {[%clk 0:03:54]} Qxf5 {[%clk 0:02:04]} 31. Qg3
{[%clk 0:03:47]} g6 {[%clk 0:01:21]} 32. Rg5 {[%clk 0:01:53]} Qf7
{[%clk 0:01:25]} 33. Bxe5 {[%clk 0:01:36]} Re8 {[%clk 0:00:59]} 34. h4
{[%clk 0:01:27]} Re6 {[%clk 0:00:40]} 35. h5 {[%clk 0:00:51]} b5 {[%clk 0:00:18]}
36. Bxd4 {[%clk 0:00:42]} bxa4 37. bxa4 {[%clk 0:00:44]} Bxa4 {[%clk 0:00:20]}
38. hxg6 {[%clk 0:00:43]} Rxg6 {[%clk 0:00:14]} 39. Qe5 {[%clk 0:00:36]} Qe6
{[%clk 0:00:11]} 40. Qh8+ {[%clk 0:00:37]} Kf7 {[%clk 0:00:20]} 41. Qxh7+
{[%clk 0:00:44]} Ke8 {[%clk 0:00:27]} 42. Qxg6+ {[%clk 0:00:52]} Qxg6
{[%clk 0:00:36]} 43. Rxg6 {[%clk 0:01:01]} Bb5 {[%clk 0:00:45]} 44. Rg3
{[%clk 0:01:07]} Kf7 {[%clk 0:00:54]} 45. Ba1 {[%clk 0:01:16]} Ke6
{[%clk 0:01:03]} 46. Kf2 {[%clk 0:01:25]} Kd5 {[%clk 0:01:12]} 47. Ke3
{[%clk 0:01:35]} a5 {[%clk 0:01:21]} 48. Rg5+ {[%clk 0:01:43]} Kc6
{[%clk 0:01:30]} 49. Rxb5 {[%clk 0:01:52]} Kxb5 {[%clk 0:01:39]} 50. g4
{[%clk 0:02:02]} Kc5 {[%clk 0:01:48]} 51. Kf4 {[%clk 0:02:10]} a4
{[%clk 0:01:57]} 52. Ke4 {[%clk 0:02:18]} 1-0

[Event "euyr2018"]
[Site "?"]
[Date "2018.05.27"]
[Round "7.6"]
[White "Jakab, Bela"]
[Black "Viczencz, Peter"]
[Result "1/2-1/2"]
[BlackElo "1731"]
[WhiteElo "1850"]
[LiveChessVersion "1.4.8"]

1. e4 {[%clk 0:20:18]} c5 {[%clk 0:20:19]} 2. c3 {[%clk 0:20:27]} d5
{[%clk 0:20:28]} 3. exd5 {[%clk 0:20:35]} Qxd5 {[%clk 0:20:35]} 4. d4
{[%clk 0:20:44]} Nf6 {[%clk 0:20:43]} 5. Nf3 {[%clk 0:20:51]} e6 {[%clk 0:20:50]}
6. Na3 {[%clk 0:20:43]} cxd4 {[%clk 0:20:27]} 7. cxd4 {[%clk 0:20:51]} Nc6
{[%clk 0:20:35]} 8. Nc2 {[%clk 0:19:59]} Be7 {[%clk 0:20:32]} 9. Be2
{[%clk 0:20:00]} O-O {[%clk 0:20:39]} 10. O-O {[%clk 0:20:07]} Rd8
{[%clk 0:20:13]} 11. Bg5 {[%clk 0:19:24]} h6 {[%clk 0:19:34]} 12. Bh4
{[%clk 0:19:29]} Bd7 {[%clk 0:19:43]} 13. Ne3 {[%clk 0:19:29]} Qa5
{[%clk 0:16:47]} 14. Nc4 {[%clk 0:19:18]} Qd5 {[%clk 0:16:42]} 15. Ne3
{[%clk 0:19:06]} Qa5 {[%clk 0:16:51]} 16. a3 {[%clk 0:19:15]} Be8
{[%clk 0:16:32]} 17. b4 {[%clk 0:17:52]} Qc7 {[%clk 0:16:34]} 18. Rc1
{[%clk 0:17:53]} Qd7 {[%clk 0:16:38]} 19. Bb5 {[%clk 0:16:43]} a5
{[%clk 0:12:58]} 20. Bxc6 {[%clk 0:15:57]} bxc6 {[%clk 0:13:03]} 21. Nc4
{[%clk 0:16:04]} axb4 {[%clk 0:12:20]} 22. Nb6 {[%clk 0:16:07]} Qb7
{[%clk 0:12:29]} 23. Nxa8 {[%clk 0:16:15]} bxa3 {[%clk 0:12:37]} 24. Ra1
{[%clk 0:14:12]} Rxa8 {[%clk 0:12:06]} 25. Ra2 {[%clk 0:14:18]} c5
{[%clk 0:09:35]} 26. dxc5 {[%clk 0:13:51]} Bxc5 {[%clk 0:09:44]} 27. Bxf6
{[%clk 0:12:03]} gxf6 {[%clk 0:09:52]} 28. Qc1 {[%clk 0:10:50]} Qd5
{[%clk 0:08:29]} 29. Rd2 {[%clk 0:09:15]} Qh5 {[%clk 0:06:53]} 30. Qc3
{[%clk 0:07:37]} Be7 {[%clk 0:03:33]} 31. Ra1 {[%clk 0:06:45]} Qa5
{[%clk 0:03:03]} 32. Qc4 {[%clk 0:05:12]} f5 {[%clk 0:02:27]} 33. Qd4
{[%clk 0:03:33]} Bc6 {[%clk 0:01:02]} 34. Rc2 {[%clk 0:01:49]} Bd5 35. Nd2
{[%clk 0:01:19]} Qd8 {[%clk 0:00:18]} 36. Nc4 {[%clk 0:00:32]} Bf6
{[%clk 0:00:27]} 37. Ne5 {[%clk 0:00:40]} Qd6 {[%clk 0:00:37]} 38. f4
{[%clk 0:00:49]} a2 {[%clk 0:00:45]} 39. Rcxa2 {[%clk 0:00:47]} Rxa2 40. Rxa2
{[%clk 0:00:56]} Bd8 {[%clk 0:01:00]} 41. Rb2 {[%clk 0:00:58]} Qc7
{[%clk 0:00:58]} 42. h3 {[%clk 0:00:57]} f6 {[%clk 0:00:19]} 43. Nd3
{[%clk 0:01:02]} Be7 {[%clk 0:00:27]} 44. Kh2 {[%clk 0:01:00]} Kf7
{[%clk 0:00:37]} 45. Re2 {[%clk 0:00:57]} Bd6 {[%clk 0:00:44]} 46. Rf2
{[%clk 0:00:46]} Be4 {[%clk 0:00:50]} 47. g3 {[%clk 0:00:34]} Be7
{[%clk 0:00:19]} 48. Ra2 {[%clk 0:00:37]} Qd6 {[%clk 0:00:12]} 49. Qxd6 Bxd6
{[%clk 0:00:21]} 50. Ra7+ {[%clk 0:00:31]} Kg6 {[%clk 0:00:30]} 51. Nf2
{[%clk 0:00:37]} Bd5 {[%clk 0:00:38]} 52. Ra6 {[%clk 0:00:41]} Bc5
{[%clk 0:00:46]} 53. Nh1 {[%clk 0:00:42]} Bd4 {[%clk 0:00:52]} 54. Ra4
{[%clk 0:00:45]} Bc3 {[%clk 0:01:00]} 55. g4 {[%clk 0:00:52]} fxg4
{[%clk 0:01:06]} 56. hxg4 {[%clk 0:01:01]} e5 {[%clk 0:01:10]} 57. f5+
{[%clk 0:01:06]} Kg5 {[%clk 0:01:18]} 58. Nf2 {[%clk 0:01:13]} Bd4
{[%clk 0:01:10]} 59. Rxd4 {[%clk 0:00:27]} exd4 {[%clk 0:01:19]} 60. Kg3
{[%clk 0:00:36]} h5 {[%clk 0:01:23]} 61. Nh3+ {[%clk 0:00:45]} Kh6
{[%clk 0:01:25]} 62. gxh5 {[%clk 0:00:39]} Kxh5 {[%clk 0:01:24]} 1/2-1/2

[Event "euyr2018"]
[Site "?"]
[Date "2018.05.27"]
[Round "7.7"]
[White "Nehyba, Martin"]
[Black "Varga, Lukas"]
[Result "0-1"]
[BlackElo "1646"]
[WhiteElo "1966"]
[LiveChessVersion "1.4.8"]

1. e4 {[%clk 0:20:15]} c5 {[%clk 0:20:19]} 2. c3 {[%clk 0:20:22]} Nf6
{[%clk 0:20:25]} 3. e5 {[%clk 0:20:30]} Nd5 {[%clk 0:20:34]} 4. d4
{[%clk 0:20:37]} cxd4 {[%clk 0:20:25]} 5. Nf3 {[%clk 0:20:45]} Nc6
{[%clk 0:19:59]} 6. cxd4 {[%clk 0:19:56]} d6 {[%clk 0:20:02]} 7. Bc4
{[%clk 0:19:30]} e6 {[%clk 0:19:36]} 8. O-O {[%clk 0:18:59]} dxe5
{[%clk 0:18:42]} 9. dxe5 {[%clk 0:18:53]} Nb6 {[%clk 0:17:24]} 10. Bb5
{[%clk 0:18:38]} Qxd1 {[%clk 0:17:23]} 11. Rxd1 {[%clk 0:18:47]} Bd7
{[%clk 0:17:11]} 12. Nc3 {[%clk 0:17:36]} Bb4 {[%clk 0:14:58]} 13. a4
{[%clk 0:14:49]} a6 {[%clk 0:14:23]} 14. Bf1 {[%clk 0:14:31]} Bxc3
{[%clk 0:12:46]} 15. bxc3 {[%clk 0:14:40]} Rc8 {[%clk 0:12:54]} 16. a5
{[%clk 0:12:00]} Nd5 {[%clk 0:12:49]} 17. Bd2 {[%clk 0:12:09]} Rc7
{[%clk 0:11:12]} 18. c4 {[%clk 0:10:49]} Nde7 {[%clk 0:11:19]} 19. Rab1
{[%clk 0:10:50]} Ng6 {[%clk 0:10:29]} 20. Bc3 {[%clk 0:11:00]} h5
{[%clk 0:09:46]} 21. Rb2 {[%clk 0:10:46]} h4 {[%clk 0:09:15]} 22. g3
{[%clk 0:10:10]} hxg3 {[%clk 0:08:05]} 23. hxg3 {[%clk 0:09:57]} Rh5
{[%clk 0:06:10]} 24. Re1 {[%clk 0:09:25]} Nce7 {[%clk 0:05:34]} 25. Nd2
{[%clk 0:08:57]} Bc6 {[%clk 0:05:11]} 26. Bg2 {[%clk 0:08:32]} Bxg2
{[%clk 0:03:28]} 27. Kxg2 {[%clk 0:08:41]} Kd7 {[%clk 0:02:40]} 28. f4
{[%clk 0:05:54]} Rh8 {[%clk 0:01:16]} 29. Rd1 {[%clk 0:03:58]} Kc8
{[%clk 0:00:59]} 30. Ne4 {[%clk 0:03:28]} Nf5 {[%clk 0:00:59]} 31. Re1
{[%clk 0:01:56]} Rxc4 {[%clk 0:00:26]} 32. g4 {[%clk 0:02:02]} Nxf4+
{[%clk 0:00:11]} 33. Kf3 {[%clk 0:01:47]} Nd3 {[%clk 0:00:19]} 34. gxf5
{[%clk 0:01:50]} Nxe1+ {[%clk 0:00:28]} 35. Bxe1 {[%clk 0:01:55]} Rh3+
{[%clk 0:00:36]} 36. Kg2 {[%clk 0:01:53]} Rxe4 {[%clk 0:00:45]} 37. Rc2+
{[%clk 0:00:39]} Kd7 {[%clk 0:00:20]} 38. fxe6+ {[%clk 0:00:47]} Kxe6
{[%clk 0:00:18]} 39. Kxh3 {[%clk 0:00:52]} Rxe1 {[%clk 0:00:25]} 40. Rb2
{[%clk 0:01:01]} Rxe5 {[%clk 0:00:32]} 41. Rb6+ {[%clk 0:01:09]} Kf5
{[%clk 0:00:11]} 42. Rxb7 {[%clk 0:01:16]} Kf6 {[%clk 0:00:19]} 43. Rb6+
{[%clk 0:01:23]} Re6 {[%clk 0:00:28]} 44. Rb7 {[%clk 0:01:23]} Kg6
{[%clk 0:00:35]} 45. Kg3 {[%clk 0:01:26]} f6 {[%clk 0:00:43]} 46. Ra7
{[%clk 0:01:34]} Kh6 {[%clk 0:00:49]} 47. Kf4 {[%clk 0:01:42]} g6
{[%clk 0:00:57]} 48. Ra8 {[%clk 0:01:47]} Rc6 {[%clk 0:01:01]} 49. Rh8+
{[%clk 0:01:50]} Kg7 {[%clk 0:01:10]} 50. Ra8 {[%clk 0:01:59]} g5+
{[%clk 0:01:09]} 51. Kg4 {[%clk 0:02:04]} Rc4+ {[%clk 0:01:17]} 52. Kg3
{[%clk 0:02:06]} Rc6 {[%clk 0:01:20]} 53. Kg4 {[%clk 0:02:14]} Kf7
{[%clk 0:01:23]} 54. Kh5 {[%clk 0:01:39]} Ke6 {[%clk 0:01:29]} 55. Kg4
{[%clk 0:01:23]} Rc4+ {[%clk 0:01:16]} 56. Kf3 {[%clk 0:01:26]} Rc6
{[%clk 0:01:14]} 57. Kg4 {[%clk 0:00:45]} Kd5 {[%clk 0:01:20]} 58. Kf5
{[%clk 0:00:54]} Kc5 {[%clk 0:01:26]} 59. Rb8 {[%clk 0:01:03]} Kd6
{[%clk 0:01:12]} 60. Ra8 {[%clk 0:00:19]} Rc5+ {[%clk 0:00:57]} 61. Kxf6
{[%clk 0:00:25]} Rxa5 {[%clk 0:01:05]} 62. Rd8+ {[%clk 0:00:27]} Kc6
{[%clk 0:01:09]} 63. Rd1 {[%clk 0:00:30]} Rc5 {[%clk 0:01:17]} 64. Ra1
{[%clk 0:00:35]} a5 {[%clk 0:01:16]} 65. Kg6 {[%clk 0:00:39]} Rb5
{[%clk 0:00:26]} 66. Kh5 {[%clk 0:00:45]} Re5 {[%clk 0:00:22]} 67. Kg4
{[%clk 0:00:51]} Kb5 {[%clk 0:00:29]} 68. Rb1+ {[%clk 0:01:01]} Kc4
{[%clk 0:00:28]} 69. Ra1 {[%clk 0:00:39]} Kb4 {[%clk 0:00:31]} 70. Rb1+
{[%clk 0:00:48]} Kc3 {[%clk 0:00:37]} 71. Ra1 {[%clk 0:00:16]} Re4+
{[%clk 0:00:45]} 72. Kxg5 {[%clk 0:00:22]} a4 {[%clk 0:00:54]} 73. Kf5
{[%clk 0:00:32]} Kb2 {[%clk 0:00:46]} 74. Rh1 {[%clk 0:00:26]} Rc4
{[%clk 0:00:48]} 75. Ke5 {[%clk 0:00:29]} a3 {[%clk 0:00:53]} 76. Kd5
{[%clk 0:00:38]} Rc1 {[%clk 0:00:56]} 77. Rh8 {[%clk 0:00:40]} a2
{[%clk 0:01:04]} 78. Kd4 0-1